| 000 | 00637cab a2200217 4500 | ||
|---|---|---|---|
| 001 | WB2922-05 | ||
| 008 | 090401t1993 xxu||||| |||| 00| 0 eng d | ||
| 035 | _a(Sirsi) u48144 | ||
| 041 | _aeng | ||
| 245 | _aUnfair bonds | ||
| 260 | _c1993 | ||
| 350 | _a0 | ||
| 490 |
_aBuilding _v258(7798) 11 June 1993, 9(1) |
||
| 520 | _aThe President of the BEC calls on government to ban the use of `on demand bonds` which are crippling debt-ridden contractors. | ||
| 650 | _aBONDS | ||
| 650 | _aLIQUIDATION BONDS | ||
| 650 | _aON DEMAND BONDS | ||
| 690 | _aBUILT ENVIRONMENT-BUILDING CONTRACT FORMS | ||
| 942 | _n0 | ||
| 948 | _c04/03/1997 | ||
| 999 |
_c30253 _d30253 |
||